Online
Catalog

Historia / (Record no. 22716)

MARC details
000 -CABECERA
campo de control de longitud fija 01060nam a2200265 u 4500
001 - NÚMERO DE CONTROL
campo de control 000023219
005 - FECHA Y HORA DE LA ÚLTIMA TRANSACCIÓN
campo de control 20250429112052.0
008 - DATOS DE LONGITUD FIJA--INFORMACIÓN GENERAL
campo de control de longitud fija 101130s19811983sp r 000 0 spa d
040 ## - FUENTE DE LA CATALOGACIÓN
Centro catalogador/agencia de origen DO-SdBNP
Lengua de catalogación spa
Centro/agencia transcriptor BNPHU
082 ## - NÚMERO DE LA CLASIFICACIÓN DECIMAL DEWEY
Número de clasificación 930
Número de documento/Ítem P766h
100 1# - ENTRADA PRINCIPAL--NOMBRE DE PERSONA
Nombre de persona Polibio
9 (RLIN) 41179
245 10 - MENCIÓN DE TÍTULO
Título Historia /
Mención de responsabilidad, etc. Polibio ; introducción de A. Díaz Tejera ; traducción y notas de Manuel Balasch Recort.
260 ## - PUBLICACIÓN, DISTRIBUCIÓN, ETC.
Lugar de publicación, distribución, etc. Madrid :
Nombre del editor, distribuidor, etc. Gredos,
Fecha de publicación, distribución, etc. 1981-1983.
300 ## - DESCRIPCIÓN FÍSICA
Extensión 3v. ;
Dimensiones 20 cm.
490 1# - MENCIÓN DE SERIE
Mención de serie Biblioteca clásica Gredos ;
Designación de volumen o secuencia 38; 43; 58
504 ## - NOTA DE BIBLIOGRAFÍA, ETC.
Nota de bibliografía, etc. Incluye referencias bibliográficas y notas al pie de las páginas.
505 0# - NOTA DE CONTENIDO CON FORMATO
Información miscelánea v.38 .
Título Libros I-IV --
Información miscelánea v.43.
Título Libros V-VX --
Información miscelánea v.58.
Título Libros XVI-XXXIX
650 20 - PUNTO DE ACCESO ADICIONAL DE MATERIA--TÉRMINO DE MATERIA
Término de materia o nombre geográfico como elemento de entrada Historia antigua
9 (RLIN) 18158
651 #4 - PUNTO DE ACCESO ADICIONAL DE MATERIA--NOMBRE GEOGRÁFICO
Nombre geográfico Roma
Subdivisión general Historia
Subdivisión cronológica REPÚBLICA, 510-30 a. C.
9 (RLIN) 41180
651 #4 - PUNTO DE ACCESO ADICIONAL DE MATERIA--NOMBRE GEOGRÁFICO
Nombre geográfico Grecia
Subdivisión general Historia,
Subdivisión cronológica 146 a. C. -323 d. C.
9 (RLIN) 41181
700 12 - PUNTO DE ACCESO ADICIONAL--NOMBRE DE PERSONA
Nombre de persona Díaz Tejera, Antonio,
Término indicativo de función/relación intr.
9 (RLIN) 47805
700 12 - PUNTO DE ACCESO ADICIONAL--NOMBRE DE PERSONA
Nombre de persona Balasch Recort, Manuel,
Término indicativo de función/relación trad.
9 (RLIN) 47751
830 #0 - PUNTO DE ACCESO ADICIONAL DE SERIE-TÍTULO UNIFORME
Título uniforme Biblioteca clásica Gredos ;
Designación de volumen o secuencia 38, 43
9 (RLIN) 8642
910 ## - DATOS DE OPCIÓN DEL USUARIO (OCLC)
Datos de opción del usuario Validado. Control de calidad MFF
Holdings
Estado de retiro Estado de pérdida Restricciones de uso No para préstamo Código de colección Localización permanente Ubicación/localización actual Ubicación en estantería Fecha de adquisición Número de inventario Total de préstamos Signatura topográfica completa Código de barras Fecha visto por última vez Precio válido a partir de Tipo de ítem Koha
    Préstamo interno   Monografías: Libros y Folletos General General Depósito 30.11.2010 LF1   v.38 23219-10 25.06.2020 25.06.2020 Préstamo interno
    Préstamo interno   Monografías: Libros y Folletos General General Depósito 29.11.2013 LF1   v.43 23219-20 25.06.2020 25.06.2020 Préstamo interno
    Préstamo interno   Monografías: Libros y Folletos General General Depósito 29.11.2013 LF1   v.58 23219-30 25.06.2020 25.06.2020 Préstamo interno

Powered by Koha